Statistics for Christmas in other Languages - Hard

Click here to take the quiz!

General Stats

  • This quiz has been taken 43 times
    (32 since last reset)
  • The average score is 4 of 10

Answer Stats

ChristmasLanguage% Correct
JulDanish / Norwegian / Swedish
95%
KersfeesAfrikaans
52%
NadoligWelsh
48%
NadalCatalan
38%
PaskoFilipino
33%
UkhisimusiZulu
29%
РаштуаTatar
24%
MiliedMaltese
19%
KirismaskaSomali
19%
KirihimeteMaori
14%

Score Distribution

Percentile by Number Answered

Percent of People with Each Score

Your Score History

You have not taken this quiz since the last reset